000
00257nam a2200109Ia 4500
008
190216s9999||||xx |||||||||||||| ||und||
100
_a
Porwal L S
245
0
_a
Capital Budgeting In India
260
_b
Sulthan Chand&Sons
_c
1976
300
_a
95p
942
_c
BK
999
_c
4232
_d
4232